| 000 | 01259nam a22002895a 4500 | ||
|---|---|---|---|
| 003 | OSt | ||
| 005 | 20180108110746.0 | ||
| 008 | 180108s2006 ua grb 000 0 ara d | ||
| 017 | _a2006 / 17488 | ||
| 020 | _a9774370104 | ||
| 040 |
_aEG-ScBUE _bara _cEG-ScBUE |
||
| 082 | 0 | 4 |
_a016.4927 _bن د ي _222 |
| 100 | 1 |
_aابن النديم، محمد بن إسحاق، _dن. 987. |
|
| 245 | 1 | 2 |
_aالفهرست / _cلابن النديم ؛ تحقيق الطبعة الأولى جوستاف فليجل ؛ تحقيق جديد محمد عوني عبد الرؤوف، إيمان السعيد جلال. |
| 260 |
_aالقاهرة : _bالهيئة العامة لقصور الثقافة، _c2006. |
||
| 300 |
_aمج. 2. ؛ _c24 سم. |
||
| 490 | 0 |
_aذخائر ؛ _v150 |
|
| 500 | _aتحقيق جديد للجزء الثاني الصادر سنة 1872 بليبزج "طبعة جوستاف " | ||
| 504 | _aالعمل كله ببليوجرافية. | ||
| 650 | 7 |
_aالببليوجرافيات العامة. _2BUEsh |
|
| 651 | _2BUEsh | ||
| 653 |
_bGGEN _cJanuary2018 |
||
| 700 | 1 |
_aفليجل، جوستاف، _eمحقق. |
|
| 700 | 1 |
_aعبد الرؤوف، محمد عوني، _eمحقق. |
|
| 700 | 1 |
_aجلال، إيمان السعيد، _eمحقق. |
|
| 942 | _2ddc | ||
| 999 |
_c25883 _d25855 |
||